Language Quiz

Random Language or Letter Quiz

Word Hourglass VI Quiz Stats

 Plays Quiz Updated Apr 12, 2015

Also try: Word Hourglass V
Challenge
Share
Tweet
Embed
Score 0/11 Timer 02:00
4 Plays Today
Clue Word % Correct
Hearing organEAR
97.4%
Red + YellowORANGE
96.9%
NBC medical drama hitER
95.6%
Buckminster Fuller's initialR
95.1%
Red + BluePURPLE
94.9%
Continent with Ger. and Switz.EUR.
93.9%
Country south of EcuadorPERU
87.2%
City of ancient SumerUR
86%
Relative of a cog or sprocketGEAR
82.6%
TopmostUPPER
71.6%
Fury or ireANGER
66.9%

You're not logged in!

Compare scores with friends on all Sporcle quizzes.
OR
Log In

You Might Also Like...

Show Comments

Extras

Top Quizzes Today


Score Distribution

Your Account Isn't Verified!

In order to create a playlist on Sporcle, you need to verify the email address you used during registration. Go to your Sporcle Settings to finish the process.

Report this User

Report this user for behavior that violates our Community Guidelines.

Details: